000 00735nam a2200253 a 4500
008
020 _a0136265324 (pbk.)
049 _aMAIN
090 _aHF5549
_bTOR
100 1 _aTorrington, Derek.
245 1 0 _aHuman resource management /
_cDerek Torrington and Laura Hall.
250 _a4th ed.
260 _aNew York :
_bPrentice Hall Europe,
_c1998.
300 _axxvii, 717 p. :
_bill. ;
_c25 cm.
504 _aIncludes bibliographical references.
500 _aIncludes index.
650 0 _aPersonnel management.
700 1 _aHall, Laura.
907 _a.b10132867
_b15-12-11
_c16-08-04
003
005 20230123125232.0
040 _cNUST
942 _cBOOKS
_kHF5549
_mTOR
999 _c138070
_d138070